Mision, barbarie y belleza (recorte) /

Guardado en:
Autor Principal: Martelli Juan Carlos
Formato: Libro
Publicado: : , 1988
Series:First N§ 16
Materias:
Fc
Etiquetas: Agregar Etiqueta
Sin Etiquetas, Sea el primero en etiquetar este registro!
LEADER 00470nam a22001815a 4500
001 CEM.cems009171
005 20060214000000.0
008 130507s1988##################000#0#####d
003 CEMS
082 0 4 |a F918.2 
100 1 |a Martelli Juan Carlos 
245 1 0 |a Mision, barbarie y belleza (recorte) / 
260 |a  :  |b ,  |c 1988 
300 |a 4 p. 
490 0 |a First N§ 16 
653 |a Argentina-ruinas 
653 |a Fc 
859 |a CEMS  |b BIB. CEMS - 11 de abril  |h F918.2  |i 20  |p 1454.44  |t Ej.1